000 00736nam a2200217Ii 4500
003 JO-AjNU
008 230605s9999||||xx |||||||||||||| ||und||
017 _a1994/1000
040 _aJO-AjNU
_bara
_erda
_cJO-AjNU
041 _aara
050 1 4 _aGV567.5.K4222 1994
100 3 _a حضور، اديب,
_eauthor
_917880
245 0 0 _aالإعلام الرياضي: دراسة علمية للنحرير الرياضي في الصحافة والاذاعة والتلفزيون
250 _aط1
264 3 1 _aدمشق: المؤلف، 1994
300 _a360ص
336 _atext
_btxt
_2rdacontent
337 _aunmediated
_bn
_2rdamedia
338 _avolume
_bnc
_2rdacarrier
650 4 _aالرياضة-وسائل الاعلام
_917881
999 _aA5615
_c9183
_d9183